Introduction to the sociology of development / (Record no. 1936)
[ view plain ]
| 000 -LEADER | |
|---|---|
| fixed length control field | 00919pam a2200265 a 4500 |
| 001 - CONTROL NUMBER | |
| control field | 1981242 |
| 003 - CONTROL NUMBER IDENTIFIER | |
| control field | GZU |
| 005 - DATE AND TIME OF LATEST TRANSACTION | |
| control field | 20201026091428.0 |
| 008 - FIXED-LENGTH DATA ELEMENTS--GENERAL INFORMATION | |
| fixed length control field | 890908s1990 njua b 001 0 eng |
| 010 ## - LIBRARY OF CONGRESS CONTROL NUMBER | |
| LC control number | 89027439 |
| 020 ## - INTERNATIONAL STANDARD BOOK NUMBER | |
| International Standard Book Number | 039103670X |
| 040 ## - CATALOGING SOURCE | |
| Original cataloging agency | DLC |
| Transcribing agency | DLC |
| Modifying agency | DLC |
| 050 00 - LIBRARY OF CONGRESS CALL NUMBER | |
| Classification number | HD 75 |
| Item number | .WEB 1990 |
| 082 00 - DEWEY DECIMAL CLASSIFICATION NUMBER | |
| Classification number | 306.3 |
| Edition number | 20 |
| 100 1# - MAIN ENTRY--PERSONAL NAME | |
| Personal name | Webster, Andrew, |
| Dates associated with a name | 1951- |
| 245 10 - TITLE STATEMENT | |
| Title | Introduction to the sociology of development / |
| Statement of responsibility, etc. | Andrew Webster. |
| 250 ## - EDITION STATEMENT | |
| Edition statement | 2nd ed. |
| 260 ## - PUBLICATION, DISTRIBUTION, ETC. | |
| Place of publication, distribution, etc. | Atlantic Highlands, NJ : |
| Name of publisher, distributor, etc. | Humanities Press International, |
| Date of publication, distribution, etc. | 1990. |
| 300 ## - PHYSICAL DESCRIPTION | |
| Extent | xiii, 224 p. : |
| Other physical details | ill. ; |
| Dimensions | 22 cm. |
| 504 ## - BIBLIOGRAPHY, ETC. NOTE | |
| Bibliography, etc. note | Includes bibliographical references (p. 209-219) and indexes. |
| 650 #0 - SUBJECT ADDED ENTRY--TOPICAL TERM | |
| Topical term or geographic name entry element | Economic development |
| General subdivision | Sociological aspects. |
| 906 ## - LOCAL DATA ELEMENT F, LDF (RLIN) | |
| a | 7 |
| b | cbc |
| c | orignew |
| d | 1 |
| e | ocip |
| f | 19 |
| g | y-gencatlg |
| 942 ## - ADDED ENTRY ELEMENTS (KOHA) | |
| Source of classification or shelving scheme | Library of Congress Classification |
| Koha item type | Books |
| Edition | 2nd ed. |
| Classification part | 75 |
| Item part | WEB |
| Call number prefix | HD |
| Withdrawn status | Lost status | Damaged status | Not for loan | Collection code | Home library | Current library | Shelving location | Date acquired | Total Checkouts | Full call number | Barcode | Date last seen | Copy number | Price effective from | Koha item type | Source of classification or shelving scheme | Inventory number |
|---|---|---|---|---|---|---|---|---|---|---|---|---|---|---|---|---|---|
| Non-fiction | City Campus Library | City Campus Library | General Stacks | 10/26/2020 | HD 75 WEB 1990 | B017759 | 10/26/2020 | c.1 | 10/26/2020 | Books | |||||||
| Non-fiction | City Campus Library | City Campus Library | General Stacks | 10/26/2020 | HD 75 WEB 1990 | B015948 | 10/26/2020 | c.2 | 10/26/2020 | Books | |||||||
| Non-fiction | City Campus Library | City Campus Library | General Stacks | 10/26/2020 | HD 75 WEB 1990 | B015962 | 10/26/2020 | c.3 | 10/26/2020 | Books | |||||||
| Non-fiction | City Campus Library | City Campus Library | General Stacks | 10/26/2020 | HD 75 WEB 1990 | 002403 | 10/26/2020 | c.4 | 10/26/2020 | Books | |||||||
| Non-fiction | City Campus Library | City Campus Library | General Stacks | 05/03/2021 | HD75 WEB 1990 | 1085 | 05/03/2021 | c. 6 | 05/03/2021 | Books | Library of Congress Classification | 1085 | |||||
| Non-fiction | Mashava Campus Library | Mashava Campus Library | General Stacks | 05/03/2021 | HD 75 WEB 1990 | 001656 | 05/03/2021 | C-5 | 05/03/2021 | Books | Library of Congress Classification | 20546 |